01395mc a2200361a 44500001000900000003001300009008004000022005001700062020002200079040001900101100002400120245006800144260003600212300002300248490003000271500006700301500005500368500003800423500005200461500002200513505004500535505003400580505004000614505005600654505005800710505004800768505004500816505004600861505008300907653001100990653002101001653001101022NM030141RG CODE MARC85020s2007 ||||||||||||||000 | spa||20251028183343.0 a978-84-8169-542-7 aORG CODE MARC  aLéonard, Philippe aEvangelio de Jesucristo según san MarcoscPhilippe Léonard  aEstella, EspañabVerbo Divino a84 p.b19 x 21 cm. aCuadernos bíblicosv133 aTítulo original: Evangile de Jésus Christ selon saint Marc aTraducido por: Pedro Barrado y Mª del Pilar Salas aDonación de Pablo Vernola, 2025 aEd. original en francés: Les Editions du Cerf aIncluye índices tLeer a Marcos en su contexto litúrgico tPrólogo: Evangelio (1,1-13) t1. El Reino está cerca (1,14-3,6) t2. Enseñanza sobre el Reino y milagros (3,7-6,6a) t3. La incomprensión de los discípulos (6,6b-8,26) t4. En camino hacia Jerusalén (8,27-10,52) t5. El juicio de Jerusalén (11,1-13,37) t6. Pasión y resurrección (14,1-16,20) tActualidad: La Biblia en la vida de la Iglesia, un desafíorBillon, Gérard aBIBLIA aNUEVO TESTAMENTO aMARCOS